000 00525nam a2200181Ia 4500
999 _c20759
_d20759
003 OSt
005 20200630095121.0
008 190216s9999||||xx |||||||||||||| ||und||
020 _a8125013849
040 _coclc
082 _a934.02
_bKOC/V
100 _aKochhar, Rajesh
_93332
245 4 _aThe Vedic People Their History And Geography /
_cRajesh Kochhar
260 _bOrient Longman,
_c2000.
_aHyderbad:
300 _a259p
650 _aHistory
942 _cBK
_2ddc
_h934.02
_iKOC/V
_k934.02
_mKOC/V